|
|
|
|
| LEADER |
01296nam a22002777a 4500 |
| 001 |
41917 |
| 003 |
BD-DhAAL |
| 005 |
20231030122253.0 |
| 008 |
231030t2021 uk a|||| b||| 001 0 eng d |
| 020 |
|
|
|a 9781801077651
|
| 040 |
|
|
|a BD-DhAAL
|
| 082 |
|
|
|a 006.35
|2 23
|
| 100 |
|
|
|a Yildırım, Savas.
|9 55764
|
| 245 |
|
|
|a Mastering transformers :
|b build SOTA models from scratch with advanced natural language processing techniques /
|c Savas Yildırım and Meysam Asgari-Chenaghlu.
|
| 260 |
|
|
|a Birmingham, UK :
|b Packt Publishing,
|c 2021.
|
| 300 |
|
|
|a xvi, 357 pages :
|b illustrations ;
|c 25 cm.
|
| 500 |
|
|
|a Includes Index.
|
| 526 |
|
|
|a CSE
|
| 541 |
|
|
|a Book Finder International
|e 41917
|
| 650 |
|
|
|a Natural language processing (Computer science).
|
| 650 |
|
|
|a Computer science.
|
| 700 |
|
|
|a Asgari-Chenaghlu, Meysam.
|9 55765
|
| 942 |
|
|
|2 ddc
|c BK
|
| 999 |
|
|
|c 44768
|d 44768
|
| 952 |
|
|
|0 0
|1 0
|2 ddc
|4 0
|6 006_350000000000000_YIL
|7 0
|9 74642
|a BRACUL
|b BRACUL
|c GEN
|d 2023-10-17
|e Book Finder International
|g 4241.29
|l 3
|m 31
|o 006.35 YIL
|p 3010041918
|r 2025-07-05
|s 2025-06-28
|t 2
|v 4241.29
|w 2023-10-17
|y BK
|
| 952 |
|
|
|0 0
|1 0
|2 ddc
|4 0
|6 006_350000000000000_YIL
|7 0
|9 74643
|a BRACUL
|b BRACUL
|c GEN
|d 2023-10-17
|e Book Finder International
|g 4241.29
|l 5
|m 44
|o 006.35 YIL
|p 3010041917
|r 2026-05-03
|s 2025-12-30
|t 1
|v 4241.29
|w 2023-10-17
|y BK
|